000 00438nam a2200169Ia 4500
001 28578
003 IN-NITTTR
005 20251114233353.0
008 251113s9999||||xx |||||||||||||| ||eng||
040 _beng
040 _cIN-NITTTR
041 _aeng
082 _a621.38456 L51M
100 _aLee, William C. Y.
245 0 _aMobile cellular telecommunications :
_b analog and digital systems /
_cLee, William C. Y.
942 _2ddc
_cBK
999 _c31206
_d31206